000 00959nam a2200265Ia 4500
003 OSt
005 20220923211128.0
006 a|||||r|||| 00| 0
007 ta
008 220922b |||||||| |||| 00| 0 hin d
020 _a8185073082 (pbk)
_c200
024 _a353,612
037 _b1859, 08/03/2021, Bright Book Service
_cTextual
040 _aARTS
_cARTS
_bhin
041 _2hin
_ahin
082 _aQ23x1, 152N4
100 _aसेठ, रवीन्द्र कुमार, ले.
245 0 _aसचित्र पेरियुपुराणम्
246 _aSachitra periyupurāṇam
260 _aनई दिल्ली
_b साहित्य शोध संस्थान
_c1994
300 _a249पृ0
_ccm.
650 _aधर्म
942 _hQ23x1, 152N4
_cTEXL
_2CC
999 _c295707
_d295707